Kavi (Record no. 93987)
[ view plain ]
| 000 -LEADER | |
|---|---|
| fixed length control field | 00605nam a2200205Ia 4500 |
| 003 - CONTROL NUMBER IDENTIFIER | |
| control field | OSt |
| 005 - DATE AND TIME OF LATEST TRANSACTION | |
| control field | 20250630125050.0 |
| 008 - FIXED-LENGTH DATA ELEMENTS--GENERAL INFORMATION | |
| fixed length control field | 210210b1989 xxu||||| |||| 00| 0 eng d |
| 040 ## - CATALOGING SOURCE | |
| Transcribing agency | AL |
| 041 ## - LANGUAGE CODE | |
| Language code of text/sound track or separate title | Kannada |
| 082 ## - DEWEY DECIMAL CLASSIFICATION NUMBER | |
| Classification number | K894.3 TARK |
| 100 ## - MAIN ENTRY--PERSONAL NAME | |
| Personal name | TARASHANKARA BANDOPADHYAY |
| Dates associated with a name | ತಾರಾಶಂಕರ ಬಂದೋಪಾಧ್ಯಾಯ |
| 9 (RLIN) | 216599 |
| 245 ## - TITLE STATEMENT | |
| Title | Kavi |
| Remainder of title | ಕವಿ |
| 260 ## - PUBLICATION, DISTRIBUTION, ETC. | |
| Place of publication, distribution, etc. | Hosa Dehali |
| Name of publisher, distributor, etc. | Nyashanal Buk Trast |
| Date of publication, distribution, etc. | 1989 |
| 300 ## - PHYSICAL DESCRIPTION | |
| Extent | 281,iv |
| 690 ## - LOCAL SUBJECT ADDED ENTRY--TOPICAL TERM (OCLC, RLIN) | |
| Topical term or geographic name as entry element | Kannada Fiction |
| 9 (RLIN) | 216600 |
| 700 ## - ADDED ENTRY--PERSONAL NAME | |
| Personal name | Ahobala Shankara |
| Dates associated with a name | ಅಹೋಬಲ ಶಂಕರ tr |
| 9 (RLIN) | 216601 |
| 906 ## - LOCAL DATA ELEMENT F, LDF (RLIN) | |
| a | 044355 |
| 942 ## - ADDED ENTRY ELEMENTS (KOHA) | |
| Source of classification or shelving scheme | Dewey Decimal Classification |
| Koha item type | Book |
| Withdrawn status | Lost status | Source of classification or shelving scheme | Damaged status | Not for loan | Collection code | Home library | Current library | Shelving location | Date acquired | Cost, normal purchase price | Total Checkouts | Full call number | Barcode | Date last seen | Price effective from | Koha item type |
|---|---|---|---|---|---|---|---|---|---|---|---|---|---|---|---|---|
| Dewey Decimal Classification | Kannada | St Aloysius Library | St Aloysius Library | 02/17/2021 | 24.00 | K894.3 TARK | 044355 | 02/17/2021 | 02/17/2021 | Book |